000 00798nam a2200181 a 4500
001 000015916
005 20200929164212.0
008 100222s1983 dr c 000 0 spa d
040 _aDO-SdBNP
_bspa
_cBNPHU
082 _axxx
_bM953s
245 0 0 _aMujeres sobresalientes en la historia dominicana /
_cprólogo Martha Olga García Santamaría.
260 _aSanto Domingo :
_bMuseo Nacional de Historia y Geografía
_bDirección General de Promoción de la Mujer,
_c1983.
300 _a37 p. :
_bretrs. ;
_c23 cm.
490 1 _aPublicaciones de la Dirección de Información, Publicidad y Prensa de la Presidencia
700 1 _aGarcía Santamaría, Martha Olga
_epról.
_935803
830 0 _aPublicaciones de la Dirección de Información, Publicidad y Prensa de la Presidencia
_935804
049 _aBNPD
999 _c15458
_d15458